| 000 | 00594nam a2200229 a 4500 | ||
|---|---|---|---|
| 001 | 14204 | ||
| 003 | BD-JhCC | ||
| 005 | 20250212171252.0 | ||
| 008 | 250209b2017 e a|||| ||a| 000 0 eng d | ||
| 020 | _a 9781435165069 | ||
| 035 | _a(BD-JhCC)14204 | ||
| 040 |
_aBD-JhCC _dBD-JhCC |
||
| 041 | _aenglish | ||
| 082 |
_a808.3 _bKAF 2017 |
||
| 100 | _a Kafka,Franz | ||
| 245 |
_aThe Metamorphosis and Other Stories / _cFranz Kafka. |
||
| 260 |
_aLondon: _b Barnes & Noble; _c2017. |
||
| 300 |
_a238 p . _c21 cm. |
||
| 650 | _aFiction Writing, Storytelling | ||
| 942 |
_2ddc _cBK |
||
| 999 |
_c14204 _d14204 |
||